00989nam a22002417a 4500003000400000005001700004008004100021040000800062082001300070100001900083245014000102260004300242300004400285500007000329650005100399650003400450650002900484650003100513700002700544942002300571952013800594999001500732OSt20251221141818.0251221b |||||||| |||| 00| 0 eng d cDCL a923.25911 aNassif, Ramses10aU Thant in New York, 1961-1971 : a portrait of the third UN Secretary-General /c Ramses Nassif ; with a foreword by Sir Brian Urquhart aNew York :bSt. Martin's Press,c1988. ax, 140 pages :billustrations ;c20 cm. aUnited Nations. Thant, U,. 1909-1974 (BNB/PRECIS) Includes index. aUnited Nations. Secretary General x Biography aStatesmen zBurma xBiography aUnited Nations vHistory aWorld politics v1955-19651 aUrquhart, Brian , Sir. 2ddccSHORT TERMn0 00102ddc40708EaDHAMbDHAMcENBSd2025-12-21l0o923.2591 Na 4442pEB00004442r2025-12-21 14:18:53w2025-12-21ySHORT TERMA4442 c2768d2768